<?xml version="1.0" encoding="UTF-8"?>
<collection xmlns="http://www.loc.gov/MARC21/slim">
    <record>
        <controlfield tag="001">88412</controlfield>
        <controlfield tag="005">20200415145253.0</controlfield>
        <datafield tag="024" ind1="8" ind2=" ">
            <subfield code="2">sideral</subfield>
            <subfield code="a">117082</subfield>
        </datafield>
        <datafield tag="037" ind1=" " ind2=" ">
            <subfield code="a">ART-2018-117082</subfield>
        </datafield>
        <datafield tag="041" ind1=" " ind2=" ">
            <subfield code="a">spa</subfield>
        </datafield>
        <datafield tag="100" ind1=" " ind2=" ">
            <subfield code="0">(orcid)0000-0002-3950-5407</subfield>
            <subfield code="a">Ramon Salinas, Jorge</subfield>
            <subfield code="u">Universidad de Zaragoza</subfield>
        </datafield>
        <datafield tag="245" ind1=" " ind2=" ">
            <subfield code="a">Manuel Ros Pons y Ramiro Ros Ráfales, pintores aragoneses de la Restauración</subfield>
        </datafield>
        <datafield tag="260" ind1=" " ind2=" ">
            <subfield code="c">2018</subfield>
        </datafield>
        <datafield tag="506" ind1="0" ind2=" ">
            <subfield code="a">Access copy available to the general public</subfield>
            <subfield code="f">Unrestricted</subfield>
        </datafield>
        <datafield tag="520" ind1="3" ind2=" ">
            <subfield code="a">El presente artículo ofrece una revisión de la información encontrada sobre la etapa aragonesa de los pintores Manuel Ros Pons y su hijo Ramiro Ros Ráfales, a la que se añaden nuevos datos sobre los trabajos que realizaron especialmente en las poblaciones aragonesas de Caspe, Huesca y Barbastro. Con ello se pretende colaborar a devolver atención a sus obras, que fueron importantes aportaciones al panorama artístico aragonés del último tercio del siglo XIX y principios del siglo XX.

This article offers a revision of the information found so far about the aragonese period of the painters Manuel Ros Pons, and his son Ramiro Ros Ráfales, followed by further information about the paintings they made in Caspe, Huesca and Barbastro. It is thus intended to bring back to focus their works, as important contributions to the arts scene in Aragón between the last quarter of the 19th century and the beginning of the 20th.</subfield>
        </datafield>
        <datafield tag="540" ind1=" " ind2=" ">
            <subfield code="9">info:eu-repo/semantics/openAccess</subfield>
            <subfield code="a">by</subfield>
            <subfield code="u">http://creativecommons.org/licenses/by/3.0/es/</subfield>
        </datafield>
        <datafield tag="655" ind1=" " ind2="4">
            <subfield code="a">info:eu-repo/semantics/article</subfield>
            <subfield code="v">info:eu-repo/semantics/publishedVersion</subfield>
        </datafield>
        <datafield tag="710" ind1="2" ind2=" ">
            <subfield code="1">3001</subfield>
            <subfield code="2">189</subfield>
            <subfield code="a">Universidad de Zaragoza</subfield>
            <subfield code="b">Dpto. Expres.Music.Plást.Corp.</subfield>
            <subfield code="c">Área Didáctica Expres. Musical</subfield>
        </datafield>
        <datafield tag="773" ind1=" " ind2=" ">
            <subfield code="g">2, 42 (2018), [9 pp.]</subfield>
            <subfield code="p">AACA digit.</subfield>
            <subfield code="t">AACA Digital</subfield>
            <subfield code="x">1988-5180</subfield>
        </datafield>
        <datafield tag="856" ind1="4" ind2="1">
            <subfield code="u">http://www.aacadigital.com/contenido.php?idarticulo=1412</subfield>
            <subfield code="z">Texto completo de la revista</subfield>
        </datafield>
        <datafield tag="856" ind1="4" ind2=" ">
            <subfield code="s">3637480</subfield>
            <subfield code="u">http://zaguan.unizar.es/record/88412/files/texto_completo.pdf</subfield>
            <subfield code="y">Versión publicada</subfield>
        </datafield>
        <datafield tag="856" ind1="4" ind2=" ">
            <subfield code="s">612804</subfield>
            <subfield code="u">http://zaguan.unizar.es/record/88412/files/texto_completo.jpg?subformat=icon</subfield>
            <subfield code="x">icon</subfield>
            <subfield code="y">Versión publicada</subfield>
        </datafield>
        <datafield tag="909" ind1="C" ind2="O">
            <subfield code="o">oai:zaguan.unizar.es:88412</subfield>
            <subfield code="p">articulos</subfield>
            <subfield code="p">driver</subfield>
        </datafield>
        <datafield tag="951" ind1=" " ind2=" ">
            <subfield code="a">2020-04-15-13:06:11</subfield>
        </datafield>
        <datafield tag="980" ind1=" " ind2=" ">
            <subfield code="a">ARTICLE</subfield>
        </datafield>
    </record>

    
</collection>